Normal view
MARC view
- Pato Garcia Angel
Entry Personal Name
001 - CONTROL NUMBER
- control field: 17037
003 - CONTROL NUMBER IDENTIFIER
- control field: IT-RoPau
005 - DATE AND TIME OF LATEST TRANSACTION
- control field: 20140322213910.0
008 - FIXED-LENGTH DATA ELEMENTS
- fixed length control field: 140322|| aca||aabn | a|a d
040 ## - CATALOGING SOURCE
- Original cataloging agency: IT-RoPau
- Transcribing agency: IT-RoPau
100 ## - HEADING--PERSONAL NAME
- Personal name: Pato Garcia Angel
- Miscellaneous information: Codice interprete SPICS: 10032
- Relator term: Interprete
670 ## - SOURCE DATA FOUND
- Source citation: Work cat.: (IT-RoPau)99096: AA.VV. 794, Pato Garcia y su salsa